[Event "EYCC B14"]
[Site "Halkidiki GRE"]
[Date "2001.09.06"]
[Round "6"]
[White "Predojevic,B"]
[Black "Papin,V"]
[Result "1-0"]
[WhiteElo "2338"]
[BlackElo "2121"]

1.e4 c5 2.Nf3 e6 3.d4 cxd4 4.Nxd4 a6 5.Bd3 Qc7 6.O-O Nc6 7.Nxc6 dxc6 8.f4 e5
9.Nc3 Bd6 10.f5 Bc5+ 11.Kh1 Nf6 12.Qf3 b5 13.a4 Bb7 14.axb5 cxb5 15.Qg3 Rg8
16.Bg5 O-O-O 17.Nd5 Qd6 18.Rfe1 h5 19.h3 Rde8 20.c4 Nxd5 21.cxd5 Kb8 22.Be3 g6
23.Qf2 Bxe3 24.Qxe3 Re7 25.fxg6 fxg6 26.Rf1 g5 27.Rf5 Qg6 28.Raf1 g4 29.h4 Rh8
30.Rf6 Qg7 31.Qb6 Rc8 32.Qd6+ Rcc7 33.Rf8+ Ka7 34.Bxb5 Bc8 35.Bc6  1-0

[Event "EYCC B14"]
[Site "Halkidiki GRE"]
[Date "2001.09.07"]
[Round "7"]
[White "Laznicka,V"]
[Black "Gonda,L"]
[Result "1-0"]
[WhiteElo "2047"]
[BlackElo "2307"]

1.e4 c5 2.Nf3 e6 3.d4 cxd4 4.Nxd4 a6 5.Bd3 Bc5 6.Nb3 Ba7 7.O-O Nc6 8.Qe2 d6
9.c4 Nge7 10.Nc3 O-O 11.Be3 e5 12.Rad1 Be6 13.Bb1 Qc7 14.Nd5 Bxd5 15.exd5 Nb8
16.c5 Nd7 17.cxd6 Qxd6 18.Na5 b5 19.Nb7 Qb8 20.d6 Qxb7 21.dxe7 Rfe8 22.Bg5 Nc5
23.b4 Ne6 24.Be4 Qc7 25.Rc1 Qd6 26.Bxa8 Nxg5 27.Bb7 Qxe7 28.Bxa6 e4 29.Bxb5 Rd8
30.Ba6 Bb8 31.f4 Ne6 32.Qxe4 Qa7+ 33.Kh1 Qxa6 34.Qc4 Qa3 35.f5 Nf4 36.f6 Qb2
37.Rxf4 Bxf4 38.Qxf4 Qxa2 39.Qg5  1-0

[Event "FSIMA September"]
[Site "Budapest HUN"]
[Date "2001.09.08"]
[Round "8"]
[White "Boros,De"]
[Black "Nemeth,Z"]
[Result "0-1"]
[WhiteElo "2198"]
[BlackElo "2328"]

1.e4 c5 2.Nf3 e6 3.d4 cxd4 4.Nxd4 a6 5.Bd3 Nf6 6.O-O d6 7.c4 Nbd7 8.Nc3 g6
9.Be3 Bg7 10.f3 b6 11.Qd2 Bb7 12.Rfd1 O-O 13.Rac1 Qc7 14.Bf1 Rfd8 15.b3 Rac8
16.Qf2 Qb8 17.Kh1 Re8 18.Nde2 Bc6 19.h3 Nh5 20.Bd4 Bh6 21.Be3 Bxe3 22.Qxe3 Nf8
23.Qf2 Ba8 24.Na4 b5 25.Nb6 Rc6 26.Nxa8 bxc4 27.Nd4 Rc5 28.Bxc4 Qxa8 29.Ne2 Rc6
30.Rc2 Qb8 31.Rcd2 a5 32.a4 Rb6 33.g4 Nf6 34.Qg3 d5 35.Bb5 Rxb5 36.axb5 Qxb5
37.e5 N6d7 38.Nd4 Qb6 39.Qe1 Rc8 40.Ra2 Rc5 41.Rda1 Qc7 42.Rxa5 Rxa5 43.Rxa5 Nxe5
44.Ra8 Nd7 45.b4 e5 46.Ne2 Qb7 47.Ra3 Ne6 48.Qd2 Nb6 49.Rb3 e4 50.Nf4 Ng5
51.fxe4 Nxe4 52.Qd4 Qc6 53.Ne2 Qc2 54.Rb2 Qa4 55.Kg2 Nc4 56.Nc3 Nxc3 57.Qxc3 Nxb2
58.Qxb2 Qb5 59.g5 d4 60.Qd2 Qd5+ 61.Kf2 d3 62.h4 Qd4+ 63.Kg3 Kg7 64.b5 Qe5+
65.Kg2 Qxb5 66.Qc3+ Kf8 67.Qh8+ Ke7 68.Qf6+ Ke8 69.Qd4 Qc6+ 70.Kg3 Qb5 71.Kf2 Qf5+
72.Ke3 Qe6+ 73.Kxd3 Qd7 74.Qxd7+ Kxd7 75.Ke3 Ke7 76.Kd3 f5 77.gxf6+ Kxf6
78.Ke4 h6 79.Kf4 Ke6 80.Ke4 Kd6 81.Kd4 Ke7 82.Ke5 Kf7 83.Kd4 Kf6 84.Ke4 Ke6
85.Kf4 Kd5 86.Kf3 Ke5 87.Ke3 Kf5 88.Kf3 h5  0-1

[Event "European Seniors"]
[Site "Saint Vincent ITA"]
[Date "2001.09.20"]
[Round "6"]
[White "Luboshitz,A"]
[Black "Vaisman,V"]
[Result "1/2-1/2"]
[WhiteElo "2200"]
[BlackElo "2398"]

1.e4 c5 2.Nf3 e6 3.d4 cxd4 4.Nxd4 a6 5.Bd3 Nf6 6.O-O Qc7 7.Qe2 d6 8.f4 Nbd7
9.Kh1 Be7 10.Nd2 g6 11.N2f3 e5 12.Nb3 b6 13.fxe5 dxe5 14.Bh6 Bb7 15.Rae1 b5
16.Bd2 Rc8 17.Na5 Ba8 18.Nb3 O-O 19.Bg5 Qd8 20.c3 Nh5 21.Bh6 Ng7 22.Bb1 Qc7
23.Rd1  1/2-1/2

[Event "Battle of Crete Rapid"]
[Site "Panormo GRE"]
[Date "2001.09.22"]
[Round "11"]
[White "Svetushkin,D"]
[Black "Stepak,Y"]
[Result "1-0"]
[WhiteElo "2461"]
[BlackElo "2265"]

1.e4 c5 2.Nf3 e6 3.d4 cxd4 4.Nxd4 a6 5.Bd3 Qb6 6.Nb3 Qc7 7.O-O Nf6 8.f4 d6
9.c4 Nbd7 10.Be3 b6 11.Nc3 Nc5 12.Nxc5 bxc5 13.Qf3 Bb7 14.Rae1 h5 15.h3 h4
16.a3 Be7 17.b4 Nd7 18.Qe2 Bf6 19.e5 dxe5 20.f5 O-O-O 21.fxe6 fxe6 22.Be4 Rhf8
23.Bxb7+ Qxb7 24.bxc5 Qc6 25.Nb5 Kb8 26.Rb1 Ka8 27.Nc7+ Qxc7 28.Qf3+ e4 29.Qxe4+ Ka7
30.c6+ Nb6 31.Rxb6 Rd4 32.Rb7+ Ka8 33.Bxd4 Qc8 34.Rbb1 Qxc6 35.Qe2 e5 36.Be3 Qe6  1-0

[Event "ch-HUN Women"]
[Site "Budapest HUN"]
[Date "2001.09.24"]
[Round "4"]
[White "Lakos,N"]
[Black "Grabics,M"]
[Result "1/2-1/2"]
[WhiteElo "2339"]
[BlackElo "2295"]

1.e4 c5 2.Nf3 e6 3.d4 cxd4 4.Nxd4 a6 5.Bd3 g6 6.O-O Bg7 7.c3 Ne7 8.f4 Nbc6
9.Nxc6 Nxc6 10.Be3 O-O 11.a4 d5 12.e5 f6 13.exf6 Bxf6 14.Bc5 Rf7  1/2-1/2

[Event "ECC"]
[Site "Panormo GRE"]
[Date "2001.09.24"]
[Round "2"]
[White "Yemelin,V"]
[Black "Bezold,M"]
[Result "1-0"]
[WhiteElo "2507"]
[BlackElo "2510"]

1.e4 c5 2.Nf3 e6 3.d4 cxd4 4.Nxd4 a6 5.Bd3 g6 6.O-O Bg7 7.Nf3 Nc6 8.Nc3 Nge7
9.Bf4 e5 10.Bg5 h6 11.Bxe7 Nxe7 12.Bc4 b5 13.Bb3 Rb8 14.Qd3 O-O 15.Rfd1 Kh7
16.a4 f5 17.axb5 axb5 18.Nd5 Nc6 19.c3 b4 20.Bc2 bxc3 21.bxc3 d6 22.Ne3 Rf6
23.Qc4 Qe8 24.exf5 gxf5 25.Nh4 Ne7 26.Ra7 Rb2 27.Rxe7 Qxe7 28.Qxc8 Rxc2 29.Nxc2 Rf8
30.Qc4 e4 31.g3 f4 32.Re1  1-0

[Event "ch-HUN Women"]
[Site "Budapest HUN"]
[Date "2001.09.25"]
[Round "5"]
[White "Grabics,M"]
[Black "Gara,A"]
[Result "1/2-1/2"]
[WhiteElo "2295"]
[BlackElo "2303"]

1.e4 c5 2.Nf3 e6 3.d4 cxd4 4.Nxd4 a6 5.Bd3 Nc6 6.Nxc6 dxc6 7.Nd2 e5 8.Nc4 Be6
9.Qh5 Bb4+ 10.Bd2 Bxd2+ 11.Nxd2 Qa5 12.a3  1/2-1/2

[Event "ECC"]
[Site "Panormo GRE"]
[Date "2001.09.28"]
[Round "6"]
[White "Jakubiec,A"]
[Black "Arnason,J"]
[Result "1-0"]
[WhiteElo "2497"]
[BlackElo "2528"]

1.e4 c5 2.Nf3 e6 3.d4 cxd4 4.Nxd4 a6 5.Bd3 Qc7 6.O-O d6 7.Kh1 g6 8.a4 Bg7
9.Be3 Ne7 10.Nc3 Nbc6 11.Nb3 b6 12.Qd2 O-O 13.f4 Rb8 14.f5 exf5 15.exf5 Nxf5
16.Nd5 Qd8 17.Bxf5 Bxf5 18.Bg5 f6 19.Bf4 Ne5 20.Nd4 Bd7 21.Qb4 g5 22.Be3 f5
23.Bg1 Nc6 24.Nxc6 Bxc6 25.Qc4 Bxd5 26.Qxd5+ Kh8 27.Rae1 b5 28.Re6 bxa4 29.Bd4 Qc7
30.Rfe1 Bxd4 31.Qxd4+ Qg7 32.Qxa4 Rxb2 33.Rxd6 Qc3 34.Red1 f4 35.R6d3 Qf6
36.h3 Rc8 37.Rd6 Qe5 38.Rd8+ Rxd8 39.Rxd8+ Kg7 40.Qd7+ Kh6 41.Re8 Qxe8 42.Qxe8 Rxc2
43.Qe6+ Kh5 44.Qf7+ Kh6 45.h4 gxh4 46.Qf6+  1-0

[Event "Champions Cup"]
[Site "Cartagena de Indias COL"]
[Date "2001.10.03"]
[Round "7"]
[White "Garcia,Gild"]
[Black "Alzate,D"]
[Result "1-0"]
[WhiteElo "2490"]
[BlackElo "2430"]

1.e4 c5 2.Nf3 e6 3.d4 cxd4 4.Nxd4 a6 5.Bd3 Nf6 6.O-O Qc7 7.Nc3 Nc6 8.Be3 Ne5
9.h3 Bc5 10.Kh1 d6 11.Qe1 O-O 12.f4 Ng6 13.f5 Ne5 14.Qh4 b5 15.Nce2 exf5
16.exf5 Bb7 17.Bg5 Ned7 18.c3 Rae8 19.Ng3 Re5 20.Bf4 Rfe8 21.Rac1 Bb6 22.Nh5 Qc5
23.Qg5 Bd8 24.Nxf6+ Nxf6 25.Nf3 h6  1-0

[Event "ch-SLO"]
[Site "Grize SLO"]
[Date "2001.10.03"]
[Round "3"]
[White "Zorko,J"]
[Black "Gombac,Jan"]
[Result "1/2-1/2"]
[WhiteElo "2108"]
[BlackElo "2209"]

1.e4 c5 2.Nf3 e6 3.d4 cxd4 4.Nxd4 a6 5.Bd3 Nf6 6.O-O d6 7.c4 g6 8.Nc3 Bg7
9.Be3 b6 10.Qe2 Bb7 11.Rfd1 Nbd7 12.Rac1 Qe7 13.b4 Rc8 14.Nb3 O-O 15.Bd4 Bh6
16.Be3 Bxe3 17.Qxe3 Ng4 18.Qg3 Nge5 19.Nd2 f5 20.f4 Nxd3 21.Qxd3 e5 22.Nd5 Qg7
23.Re1 exf4 24.Nxf4 Ne5 25.Qe3 Ng4 26.Qc3 Qxc3 27.Rxc3 fxe4 28.Nh3 e3 29.Nf1 d5
30.Rd3 dxc4 31.Rd4 h5 32.Rd6 c3 33.Rxg6+ Kh7 34.Rxb6 Bc6 35.Ng5+ Kg6 36.Ne6 Rf6
37.Nd4 Ba4 38.Rxf6+ Kxf6 39.h3 Ne5 40.Nxe3 Nd3 41.Nd5+ Kg5 42.Re7  1/2-1/2

[Event "TCh-BUL"]
[Site "Pamporovo BUL"]
[Date "2001.10.03"]
[Round "1"]
[White "Valev,M"]
[Black "Ivanov,J"]
[Result "1/2-1/2"]
[WhiteElo "2143"]
[BlackElo "2425"]

1.e4 c5 2.Nf3 e6 3.d4 cxd4 4.Nxd4 a6 5.Bd3 Nc6 6.Nxc6 dxc6 7.O-O e5 8.c4 Be6
9.Be3 Nf6 10.f3 Nd7 11.Qc2 Bc5 12.Qf2 Qb6 13.Bxc5 Qxc5 14.Na3 Ke7 15.Rfd1 Rhd8
16.Rac1 a5 17.Bf1 Qxf2+ 18.Kxf2 Nc5 19.b3 Na6 20.Nc2 Nc5 21.Ne3 g6 22.Rxd8 Rxd8
23.Rd1 Ra8 24.g3 Ra6 25.Nc2 Rb6 26.Ke3 f5 27.h4 fxe4 28.fxe4 Bg4 29.Rd2 Na6
30.Rd3 a4 31.Rc3 axb3 32.axb3 Nb4 33.Nxb4 Rxb4 34.Be2 Be6 35.Bd1 c5 36.Rc1 b5
37.Kd3 Kd6 38.Rc3 h6 39.Bc2 g5 40.hxg5 hxg5 41.cxb5 Rxb5 42.Kd2 Rb4 43.Rf3 Rd4+
44.Kc3 Ke7 45.Rf1 Rd8 46.Rf3 Rh8 47.Bd3 Bg4 48.Re3 Rh1 49.Bc4 Rc1+ 50.Kb2 Rg1
51.Bd5 Rf1 52.Kc3 Bf3 53.Kc4 Kd6 54.Kb5 g4 55.Rc3 Be2+ 56.Kb6 Rf3 57.Rxc5 Rxg3
58.Rc6+ Kd7 59.Rc7+ Kd6 60.Rc6+ Kd7  1/2-1/2

[Event "TCh-BUL w"]
[Site "Pamporovo BUL"]
[Date "2001.10.03"]
[Round "1"]
[White "Dojkova,G"]
[Black "Nikolova,N"]
[Result "1/2-1/2"]
[WhiteElo "2076"]
[BlackElo "2065"]

1.e4 c5 2.Nf3 e6 3.d4 cxd4 4.Nxd4 a6 5.Bd3 Qb6 6.Nb3 Qc7 7.Nc3 b5 8.O-O Bb7
9.f4 d6 10.Kh1 Nf6 11.Qe2 Nbd7 12.Bd2 Be7 13.Rae1 e5 14.fxe5 dxe5 15.Rf3 O-O
16.Ref1 b4 17.Nd1 a5 18.Rg3 Kh8 19.Bg5 a4 20.Nd2 Nc5 21.Bxf6 Bxf6 22.Qg4 Bc8
23.Qh5 Nxd3 24.cxd3 Ra6 25.Ne3 g6 26.Qe2 Bg7 27.Ndc4 Be6 28.Qd2 Qe7  1/2-1/2

[Event "ch-SLO"]
[Site "Grize SLO"]
[Date "2001.10.05"]
[Round "5"]
[White "Zorko,J"]
[Black "Srebrnic,M"]
[Result "0-1"]
[WhiteElo "2108"]
[BlackElo "2161"]

1.e4 c5 2.Nf3 e6 3.d4 cxd4 4.Nxd4 a6 5.Bd3 Nc6 6.Nxc6 dxc6 7.O-O e5 8.a4 Nf6
9.a5 Bb4 10.Bd2 Bxd2 11.Nxd2 Qc7 12.Nc4 Be6 13.Nb6 Rd8 14.Qe2 O-O 15.c3 Nd7
16.Nxd7 Rxd7 17.Bc4 Bxc4 18.Qxc4 Rfd8 19.b4 Qd6 20.Rfe1 Qd3 21.Qc5 Qc2 22.Qxe5 Rd2
23.Rac1 Qxc1  0-1

[Event "TCh-BUL"]
[Site "Pamporovo BUL"]
[Date "2001.10.06"]
[Round "5"]
[White "Gochev,M"]
[Black "Peev,P"]
[Result "1-0"]
[WhiteElo "2273"]
[BlackElo "2363"]

1.e4 c5 2.Nf3 e6 3.d4 cxd4 4.Nxd4 a6 5.Bd3 g6 6.Nc3 Bg7 7.Nb3 Ne7 8.Bf4 d5
9.Qd2 Nbc6 10.O-O-O d4 11.Ne2 h6 12.Kb1 e5 13.Bg3 h5 14.h3 Bh6 15.Qe1 a5
16.a3 a4 17.Nd2 Be6 18.f4 f6 19.Nf3 Ra5 20.fxe5 fxe5 21.Bh4 Qd6 22.Bg5 Bg7
23.Bd2 Rc5 24.Ng5 Bc4 25.Bb4 Nxb4 26.Qxb4 Qc6 27.Rhf1 h4  1-0

[Event "FSIMB October"]
[Site "Budapest HUN"]
[Date "2001.10.07"]
[Round "2"]
[White "Rajlich,V"]
[Black "Reiss,T"]
[Result "1-0"]
[WhiteElo "2257"]
[BlackElo "2269"]

1.e4 c5 2.Nf3 e6 3.d4 cxd4 4.Nxd4 a6 5.Bd3 Nf6 6.O-O d6 7.c4 Qc7 8.Nc3 g6
9.Nf3 Bg7 10.Bf4 Nfd7 11.Rc1 Ne5 12.Be2 O-O 13.Qd2 Nbc6 14.Rfd1 Nxf3+ 15.Bxf3 Nd4
16.c5 Qxc5 17.Nd5 exd5 18.Rxc5 dxc5 19.exd5 Nxf3+ 20.gxf3 Bf5 21.Bh6 Bxh6
22.Qxh6 Rfd8 23.d6 Rac8 24.h4 Rd7 25.h5 Rc6 26.Qe3 f6 27.Qe8+ Kg7 28.Rd5  1-0

[Event "TCh-RUS Siberian Zone"]
[Site "Omsk RUS"]
[Date "2001.10.07"]
[Round "3"]
[White "Purtov,A"]
[Black "Zemerov,V"]
[Result "1-0"]
[WhiteElo "2427"]
[BlackElo "2316"]

1.e4 c5 2.Nf3 e6 3.d4 cxd4 4.Nxd4 a6 5.Bd3 Qc7 6.O-O Nf6 7.Nc3 Nc6 8.Nb3 b5
9.f4 b4 10.Nb1 Bb7 11.Be3 Na5 12.N1d2 Be7 13.Kh1 h5 14.Nxa5 Qxa5 15.e5 Ng4
16.Bg1 f5 17.exf6 Nxf6 18.Bg6+ Kf8 19.Nc4 Qc7 20.Ne5 h4 21.h3 Rh6 22.Bd3 Ne4
23.Bh2 d6 24.Ng4 Qc6 25.Qe2 Rh5 26.Rf3 Bf6 27.Re1 Ng3+ 28.Bxg3 hxg3 29.Nxf6 Rxh3+
30.Kg1 Qc5+ 31.Re3 gxf6 32.gxh3 f5 33.Qh5 Bd5 34.Qh6+ Kf7 35.Qh7+ Kf6 36.Qh6+ Kf7
37.Qh5+ Kf6 38.Qh4+ Kf7 39.Qh7+ Kf6 40.Bf1 Rf8 41.Bg2 Bc4 42.b3 Bb5 43.Qh6+  1-0

[Event "TCh-BUL"]
[Site "Pamporovo BUL"]
[Date "2001.10.07"]
[Round "6"]
[White "Panajotov,J"]
[Black "Velikov,P"]
[Result "1/2-1/2"]
[WhiteElo "2306"]
[BlackElo "2427"]

1.e4 c5 2.Nf3 e6 3.d4 cxd4 4.Nxd4 a6 5.Bd3 Qc7 6.O-O Nf6 7.Qe2 d6 8.c4 g6
9.b3 Bg7 10.Bb2 O-O 11.Nc3 Nbd7 12.Rac1 b6 13.Rfd1 Bb7 14.Bb1 Rad8 15.f4 Rfe8
16.Nf3 Nc5 17.b4 Ncd7 18.a3 Nh5 19.g3 Qb8 20.Qd2 Bf8 21.Re1 Nhf6 22.Bd3 Bh6
23.Ng5 Bg7 24.Rcd1 Bc6 25.Bf1 Nf8 26.Nf3 Bb7 27.Bg2 Ba8 28.Qe2 N8d7 29.Ba1 Bb7
30.Qd3 Bf8 31.h3 Qc7 32.Rc1 Rc8 33.Bf1 Qb8 34.Bg2 Red8 35.Nd2 Bg7 36.Red1 Nf8
37.Kh2 Qa8 38.Qe2 h6 39.Kg1 g5 40.fxg5 hxg5 41.Qe3 g4 42.Na4 N8d7 43.Qg5 e5
44.Nc3 Nf8 45.Nd5 Bxd5 46.exd5 Qa7 47.Ne4 N8h7 48.Nxf6+ Nxf6 49.Rf1 Qe7 50.Qe3 Rb8
51.Rc2 Nh7 52.h4 Rdc8 53.Be4 Nf6 54.Bb2 b5 55.Rfc1 bxc4 56.Rxc4 Rxc4 57.Rxc4 Nxe4
58.Qxe4 Qd7 59.Qxg4 Rc8 60.h5 Kh7  1/2-1/2

[Event "1st Chess Week"]
[Site "Winterthur SUI"]
[Date "2001.10.09"]
[Round "5"]
[White "Fierz,M"]
[Black "Meijers,V"]
[Result "1-0"]
[WhiteElo "2223"]
[BlackElo "2465"]

1.e4 c5 2.Nf3 e6 3.d4 cxd4 4.Nxd4 a6 5.Bd3 Qc7 6.c4 Nc6 7.Nxc6 dxc6 8.O-O Nf6
9.Nc3 e5 10.h3 Be6 11.Be3 Be7 12.Qe2 b6 13.Rac1 Qb7 14.f4 exf4 15.Bxf4 b5
16.e5 bxc4 17.exf6 cxd3 18.fxg7 Rg8 19.Qxd3 Rxg7 20.Ne4 c5 21.Rce1 Qxb2 22.Qf3 Rd8
23.Kh1 Rd3 24.Re3 c4 25.Rxd3 cxd3 26.Nd6+ Kd7 27.Rd1 Qxg2+ 28.Qxg2 Rxg2 29.Kxg2 Bd5+
30.Kg3 Bxd6 31.Rxd3 Bxf4+ 32.Kxf4 Kc6 33.a3 Bc4 34.Rg3 Kb5 35.Ke5 Ka4 36.Rg7 h5
37.Rh7 Be2 38.Rxf7 Kxa3 39.Kd4 Kb4 40.Rb7+ Bb5 41.Rh7 Be2 42.Ke3 Bd1 43.Kd2 Bf3
44.Rf7 Bc6 45.Rf4+ Kb3 46.Rf5 Be8 47.Re5 Bf7 48.Ra5 Kc4 49.Ke3 Be8 50.Rxa6 Bd7
51.h4 Bg4 52.Ra5 Bd1 53.Ke4 Bc2+ 54.Ke5 Bd1 55.Ra1 Be2 56.Ra4+ Kd3 57.Rb4 Bf3
58.Rb3+ Ke2 59.Kf4 Bg4 60.Rg3 Bd7 61.Rg5  1-0

[Event "YM"]
[Site "Zug SUI"]
[Date "2001.10.10"]
[Round "2"]
[White "De Vreugt,D"]
[Black "Moor,R"]
[Result "1-0"]
[WhiteElo "2437"]
[BlackElo "2385"]

1.e4 c5 2.Nf3 e6 3.d4 cxd4 4.Nxd4 a6 5.Bd3 Bc5 6.Nb3 Ba7 7.Qe2 Nc6 8.Be3 Nge7
9.Nc3 d6 10.O-O-O b5 11.Bxa7 Rxa7 12.Qe3 O-O 13.e5 d5 14.f4 b4 15.Na4 a5
16.Nbc5 Rc7 17.Kb1 Na7 18.g4 Bd7 19.Rhf1 Bxa4 20.Nxa4 Qd7 21.b3 Nb5 22.f5 Nc3+
23.Nxc3 bxc3 24.Qh3 exf5 25.gxf5 f6 26.Qg3 Qc6 27.Rg1 Nc8 28.exf6 Rxf6 29.Bb5 Qd6
30.Rxd5 Qxg3 31.hxg3 Rd6 32.Rgd1 Rc5 33.Rxd6 Nxd6 34.Rxd6 Rxb5 35.Rc6 Rxf5
36.Rxc3 g5 37.a3 Kf7 38.b4 g4 39.Kc1 Ke6 40.Kd2 h5 41.Re3+ Kd6 42.c4 axb4
43.axb4 Rf1 44.Kc3 Rc1+ 45.Kd4 Rd1+ 46.Rd3 Re1 47.b5 Rc1 48.Rd2  1-0

[Event "ULIM Cup"]
[Site "Kishnev MDA"]
[Date "2001.10.12"]
[Round "6"]
[White "Podgursky,S"]
[Black "Susterman,A"]
[Result "1-0"]
[WhiteElo "2235"]
[BlackElo "2203"]

1.e4 c5 2.Nf3 e6 3.d4 cxd4 4.Nxd4 a6 5.Bd3 Nf6 6.O-O Qc7 7.Qe2 Bd6 8.Nf3 Nc6
9.Nbd2 Ng4 10.h3 Nge5 11.Nxe5 Nxe5 12.Nc4 Nxc4 13.Bxc4 O-O 14.Bd3 Bh2+ 15.Kh1 Bf4
16.Bxf4 Qxf4 17.Rad1 d6 18.c3 Bd7 19.Bc2 Bc6 20.Rd4 Qe5 21.Qd3 g6 22.f4 Qc5
23.b4 Qb5 24.Rxd6 Qxd3 25.Bxd3 Rfd8 26.Rxd8+ Rxd8 27.Rf3 Bb5 28.c4 Ba4 29.Kg1 f5
30.exf5 exf5 31.Kf2 Bc6 32.Rg3 Kf7 33.Ke2 Kf6 34.h4 Rd7 35.a3 Rd8 36.Kd2 Rd4
37.Ke3 Rd8 38.b5 axb5 39.cxb5 Bd5 40.Kf2 Ra8 41.Be2 Ra4 42.Rd3 Ke6 43.g3 Be4
44.Rc3 Kd6 45.Ke3 Bd5  1-0

[Event "6th Wichern Open"]
[Site "Hamburg GER"]
[Date "2001.10.18"]
[Round "6"]
[White "Womacka,M"]
[Black "Kotsur,P"]
[Result "1/2-1/2"]
[WhiteElo "2495"]
[BlackElo "2572"]

1.e4 c5 2.Nf3 e6 3.d4 cxd4 4.Nxd4 a6 5.Bd3 Nf6 6.O-O d6 7.c4 Bd7 8.Nc3 Nc6
9.Nxc6 Bxc6 10.b3 Be7 11.Bb2 O-O 12.Qe2 Qa5 13.Rad1 Rfe8 14.a3 d5 15.b4 Qc7
16.cxd5 exd5 17.e5 d4 18.exf6 dxc3 19.Bxh7+ Kxh7 20.Qh5+ Kg8 21.fxg7 f6 22.Bxc3 Qf4
23.Qh8+ Kf7 24.Qh5+ Kg8 25.Qh8+ Kf7 26.Qh5+  1/2-1/2

[Event "6th Wichern Open"]
[Site "Hamburg GER"]
[Date "2001.10.18"]
[Round "6"]
[White "Sebastian,D"]
[Black "Przybylski,H"]
[Result "1-0"]
[WhiteElo "2361"]
[BlackElo "2222"]

1.e4 c5 2.Nf3 e6 3.d4 cxd4 4.Nxd4 a6 5.Bd3 Nc6 6.Nxc6 dxc6 7.Nd2 Qc7 8.O-O e5
9.a4 Nf6 10.Nc4 Bc5 11.c3 a5 12.Bg5 Bg4 13.Qc2 Nd7 14.Ne3 Bxe3 15.Bxe3 Be6
16.b4 b6 17.f3 O-O 18.Rfb1 Rfb8 19.Bf1 c5 20.bxa5 bxa5 21.Rb5 Rc8 22.Rab1 Ra7
23.Qb2 Qc6 24.Rb7 Rc7 25.Rxa7 Rxa7 26.Rd1 Rb7 27.Bb5 Qc7 28.Qd2 h6 29.Qd6 Qc8
30.Ba6  1-0

[Event "Lasker Autumn IM"]
[Site "Bucharest ROM"]
[Date "2001.10.21"]
[Round "9"]
[White "Voicu,C"]
[Black "Tikhomirov,S"]
[Result "1/2-1/2"]
[WhiteElo "2205"]
[BlackElo "2357"]

1.e4 c5 2.Nf3 e6 3.d4 cxd4 4.Nxd4 a6 5.Bd3 Nc6 6.Be3 Nge7 7.Nc3 Nxd4 8.Bxd4 Nc6
9.Be3 Bb4 10.O-O O-O 11.f4 Qa5 12.Bd2 d6  1/2-1/2

[Event "WYG16"]
[Site "Oropesa del Mar ESP"]
[Date "2001.10.22"]
[Round "2"]
[White "Novikova,A"]
[Black "Igla,B"]
[Result "1/2-1/2"]
[WhiteElo "2249"]
[BlackElo "2115"]

1.e4 c5 2.Nf3 e6 3.d4 cxd4 4.Nxd4 a6 5.Bd3 Nf6 6.O-O e5 7.Nf3 d6 8.Nc3 Be7
9.a4 Nc6 10.Bg5 Be6 11.Bxf6 Bxf6 12.Nd2 O-O 13.Nc4 Bg5 14.Re1 g6 15.Bf1 Nd4
16.a5 Bxc4 17.Bxc4 Rc8 18.Bd5 Qe7 19.Ra4 Nc6 20.Bxc6 bxc6 21.Qd3 Ra8 22.Rd1 Rfd8
23.Qc4 Re8 24.g3  1/2-1/2

[Event "WYB14"]
[Site "Oropesa del Mar ESP"]
[Date "2001.10.23"]
[Round "3"]
[White "Predojevic,B"]
[Black "Kuparadze,G"]
[Result "1/2-1/2"]
[WhiteElo "2352"]
[BlackElo "2135"]

1.e4 c5 2.Nf3 e6 3.d4 cxd4 4.Nxd4 a6 5.Bd3 Bc5 6.Nb3 Ba7 7.O-O Nc6 8.Qg4 Qf6
9.Nc3 Ne5 10.Qg3 d6 11.Be2 Qg6 12.Qh4 Nf6 13.Kh1 Nc6 14.Bf4 e5 15.Bg5 Be6
16.Rad1 Nd4 17.Bd3 h6 18.Bxf6 Qxf6 19.Qxf6 gxf6 20.Nxd4 Bxd4 21.Nd5 Bxd5
22.exd5 Ke7 23.c3 Ba7 24.Bf5 Rab8 25.Rd3 b5 26.a3 a5 27.Kg1 b4 28.cxb4 axb4
29.Rc1 Bc5 30.a4 Ra8 31.b3 Ra5 32.Rc4 Rha8 33.Rh3 Rh8 34.Kf1 Ra7 35.Ke2 Raa8
36.g4  1/2-1/2

[Event "WYB18"]
[Site "Oropesa del Mar ESP"]
[Date "2001.10.24"]
[Round "4"]
[White "Timofeev,Ar"]
[Black "Perez Candelario,M"]
[Result "1-0"]
[WhiteElo "2517"]
[BlackElo "2393"]

1.e4 c5 2.Nf3 e6 3.d4 cxd4 4.Nxd4 a6 5.Bd3 Nf6 6.Nc3 Qb6 7.Nb3 Qc7 8.f4 d6
9.O-O Nbd7 10.Qe2 b5 11.a3 Bb7 12.Bd2 Be7 13.Rae1 e5 14.a4 b4 15.Nd1 O-O
16.Kh1 a5 17.fxe5 dxe5 18.Bg5 h6 19.Bh4 Qd8 20.Ne3 g6 21.Nc4 Bc6 22.Rf3 Bxa4
23.Ncxa5 Bxb3 24.Nxb3 Nh5 25.Bxe7 Qxe7 26.g3 Ng7 27.Qe3 h5 28.Ref1 Ne6 29.Bc4 Rac8
30.Nd2 Kg7 31.R3f2 Nec5 32.Nf3 f6 33.Bd5 Rc7 34.Qd2 Rb8 35.Rg1 Na4 36.g4 hxg4
37.Rxg4 Rh8 38.Be6 Qxe6 39.Rfg2 Rh6 40.Nh4 Rxh4 41.Rxh4 g5 42.Rxg5+  1-0

[Event "Chigorin Mem Open"]
[Site "St Petersburg RUS"]
[Date "2001.10.27"]
[Round "2"]
[White "Guseynou,R"]
[Black "Ovod,E"]
[Result "1-0"]
[WhiteElo "2238"]
[BlackElo "2356"]

1.e4 c5 2.Nf3 e6 3.d4 cxd4 4.Nxd4 a6 5.Bd3 Nc6 6.Nxc6 bxc6 7.O-O Bc5 8.Nd2 d5
9.c4 Ne7 10.cxd5 cxd5 11.exd5 Nxd5 12.Ne4 Bb6 13.Qg4 Kf8 14.Bg5 f6 15.Qf3 Ra7
16.Rad1 Rf7 17.Bc1 Qe7 18.Bc4 Bb7 19.Qb3 Ba7 20.Nc3 g5 21.Nxd5 exd5 22.Bxd5 Bxd5
23.Rxd5 Kg7 24.Qd3 Rc8 25.Bd2 Rc6 26.Bc3 h6 27.h4 gxh4 28.Rh5 Qd6 29.Qe4 Qe6
30.Qf4 Kg8 31.Re1 Qd7 32.Qxh6 Rg7 33.Qh8+ Kf7 34.Rh7 Bxf2+ 35.Kxf2 Qf5+ 36.Kg1 Rxh7
37.Qe8+ Kg7 38.Re7+ Kh6 39.Bd2+  1-0

[Event "IM"]
[Site "Le Touquet FRA"]
[Date "2001.10.28"]
[Round "2"]
[White "Gurevich,Vl"]
[Black "Bouhallel,R"]
[Result "1/2-1/2"]
[WhiteElo "2482"]
[BlackElo "2363"]

1.e4 c5 2.Nf3 e6 3.d4 cxd4 4.Nxd4 a6 5.Bd3 Qc7 6.O-O Nf6 7.Qe2 d6 8.Kh1 Nbd7
9.f4 Be7 10.c4 b6 11.Nc3 O-O 12.Bd2 Bb7 13.Rae1 Rad8 14.Nf3 g6 15.Bc1 Rfe8
16.e5 Nh5 17.Be4 Bxe4 18.Nxe4 dxe5 19.fxe5 Nxe5 20.Nxe5 Qxe5 21.Qf2 f5 22.Ng5  1/2-1/2

[Event "WYB18"]
[Site "Oropesa del Mar ESP"]
[Date "2001.10.29"]
[Round "8"]
[White "Himanshu,S"]
[Black "Perez Candelario,M"]
[Result "1/2-1/2"]
[WhiteElo "2189"]
[BlackElo "2393"]

1.e4 c5 2.Nf3 e6 3.d4 cxd4 4.Nxd4 a6 5.Bd3 Nf6 6.O-O d6 7.Qe2 Qc7 8.c4 g6
9.b3 Bg7 10.Bb2 O-O 11.Nd2 b6 12.Rad1 Bb7 13.Kh1 Nbd7 14.f4 e5 15.fxe5 dxe5
16.Nc2 Nc5 17.Nb4 Nh5 18.Bb1 Nf4 19.Qe3 f5 20.Nd5 Nxd5 21.cxd5 fxe4 22.Rxf8+ Rxf8
23.Nxe4 Bxd5 24.Nxc5 bxc5 25.Bd3 Bb7 26.h3 Kh8 27.Be4 Bxe4 28.Qxe4 Re8  1/2-1/2

[Event "WYB14"]
[Site "Oropesa del Mar ESP"]
[Date "2001.10.29"]
[Round "8"]
[White "Megararanto,S"]
[Black "Predojevic,B"]
[Result "1/2-1/2"]
[WhiteElo "2234"]
[BlackElo "2352"]

1.e4 c5 2.Nf3 e6 3.d4 cxd4 4.Nxd4 a6 5.Bd3 Bc5 6.Nb3 Ba7 7.Qe2 Nc6 8.Be3 Nge7
9.Bxa7 Rxa7 10.c4 e5 11.Nc3 d6 12.O-O O-O 13.Rad1 Be6 14.Nd5 b6 15.Bb1 Ng6
16.Qe3 Rb7 17.g3 Bh3 18.Rfe1 Nce7 19.Nc3 Be6 20.Bd3 Nc6 21.Bf1 Nge7 22.Rd2 Qb8
23.Red1 Rd8 24.f4 f6 25.Nd5 b5 26.c5 Nc8 27.cxd6 Rxd6 28.Nc5 Ra7 29.Nxf6+ gxf6
30.Rxd6 Nxd6 31.Nxe6 Re7 32.f5 Nd4 33.Nxd4 exd4 34.Rxd4 Qb6 35.e5 Kh8 36.Qf2 Rxe5
37.Bd3 Re1+ 38.Kg2 Qc6+ 39.Kh3 Re5 40.Qg2 Qxg2+ 41.Kxg2  1/2-1/2

[Event "Jonsson Mem Open"]
[Site "Reykjavik ISL"]
[Date "2001.10.31"]
[Round "8"]
[White "Thorsteinsson,B"]
[Black "Asmundsson,I"]
[Result "1-0"]
[WhiteElo "2329"]
[BlackElo "2359"]

1.e4 c5 2.Nf3 e6 3.d4 cxd4 4.Nxd4 a6 5.Bd3 Nf6 6.O-O Qb6 7.Nb3 Qc7 8.f4 d6
9.Qe2 Nbd7 10.Be3 Be7 11.a4 b6 12.Nc3 Bb7 13.Rae1 O-O 14.g4 h6 15.Nd4 Nh7
16.Nf3 Nc5 17.g5 hxg5 18.Nxg5 Nxg5 19.fxg5 g6 20.Qg4 Nd7 21.Re2 Kg7 22.Ref2 Ne5
23.Qg3 Rh8 24.Bd4 Raf8 25.Nd1 Bc6 26.Ne3 Rh5 27.h4 f6 28.Nc4 Bxe4 29.Nxe5 fxe5
30.Rxf8 Bxf8 31.Bxe4 exd4 32.Rf6 Qc5 33.Rxg6+ Kh8 34.Qf3 d3+ 35.Kg2 Qxc2+
36.Kg3 Bg7 37.Qxh5+ Kg8 38.Rxg7+ Kxg7 39.Qh6+ Kg8 40.Bg6  1-0

[Event "Chigorin Mem Open"]
[Site "St Petersburg RUS"]
[Date "2001.10.31"]
[Round "6"]
[White "Melnikova,Y"]
[Black "Tsigelnitskiy,I"]
[Result "1-0"]
[WhiteElo "2167"]
[BlackElo "2314"]

1.e4 c5 2.Nf3 e6 3.d4 cxd4 4.Nxd4 a6 5.Bd3 Qb6 6.Nb3 Qc7 7.Be3 Nf6 8.O-O Be7
9.f4 d6 10.Nc3 Nbd7 11.Qf3 b5 12.a3 Bb7 13.Qg3 O-O 14.Rae1 Rfe8 15.Bd2 e5
16.f5 Kh8 17.Kh1 Rac8 18.Qf3 Nb6 19.Bg5 Nc4 20.Bxf6 Bxf6 21.Rb1 Nxa3 22.Ra1 Nc4
23.Bxc4 bxc4 24.Na5 Ba8 25.Ra4 Qc5 26.Qe2 Rb8 27.Nxc4 Rec8 28.b3 Bc6 29.Rxa6 Qd4
30.Rf3 Ra8 31.Rxa8 Rxa8 32.g3 g6 33.Qe3 gxf5 34.Rxf5 Bg7 35.Qxd4 exd4 36.Nd5 Ra2
37.Nxd6 Bf8 38.Nxf7+ Kg7 39.Nd8 Rxc2 40.Ne6+ Kh6 41.Rf6+ Kh5 42.Rxf8  1-0

[Event "2nd It"]
[Site "Odivelas POR"]
[Date "2001.11.08"]
[Round "3"]
[White "Pina,Vl"]
[Black "Strikovic,A"]
[Result "0-1"]
[WhiteElo "2195"]
[BlackElo "2506"]

1.e4 c5 2.Nf3 e6 3.d4 cxd4 4.Nxd4 a6 5.Bd3 Nf6 6.O-O Qc7 7.Nb3 Nc6 8.Qe2 d5
9.f4 dxe4 10.Bxe4 Nxe4 11.Qxe4 Be7 12.Bd2 O-O 13.a4 f5 14.Qe2 e5 15.fxe5 Nxe5
16.Bf4 Bd6 17.Nc3 Be6 18.Nd2 Rae8 19.Rae1 Bf7 20.Qd1 Rd8 21.Qc1 Ng4 22.Bxd6 Qxd6
23.Nf3 Bc4 24.h3 Bxf1 25.Rxf1 Qc5+ 26.Kh1 Ne3 27.Re1 Rfe8 28.Nd1 Nxc2 29.Rxe8+ Rxe8
30.Qd2 Ne3 31.Nc3 Qc4  0-1